BCN political science debates / director: Isidre Molas Isidre Molas
ISBN:
1696-0947
Descripción Física:
24 cm
Otros Autores:
Molas, Isidre, 1940-
MARC
| LEADER | 00000nam a2200000Ia 4500 | ||
|---|---|---|---|
| 008 | 160829s2003 xx 000 0 cat d | ||
| 008 | 160829s9999 xx 000 0 cat d | ||
| 020 | |a 1696-0947 | ||
| 080 | |a Revistes | ||
| 245 | |a BCN political science debates / director: |b Isidre Molas | ||
| 260 | |a Barcelona : |b ICPS, Institut de Ciències Polítiques i Socials, |c 2003 | ||
| 300 | |a 24 cm | ||
| 362 | |a No. 1 (2003)- | ||
| 590 | |a Bibliografia a cada article. | ||
| 590 | |a Semestral. | ||
| 590 | |a Descripció basada en: No. 2 (2003) | ||
| 650 | 0 | |a Ciències polítiques |v Revistes |9 11543 | |
| 650 | |a Política |x Revistes |9 47958 | ||
| 650 | 0 | |a Ciències socials |v Revistes |9 19015 | |
| 700 | |a Molas, Isidre, |d 1940- |e director |9 25138 | ||
| 710 | 2 | |a Institut de Ciències Polítiques i Socials (Barcelona, Catalunya) |9 55871 | |
| 866 | |a 2003 (2), 2005 (4), 2007 (5) | ||
| 901 | |a Arxiu | ||
| 942 | |n 1 |2 udc | ||
| 952 | |0 0 |1 0 |4 0 |6 REVISTES |7 1 |9 51881 |a Arxiu |b Arxiu |d 2016-12-01 |l 0 |o Revistes |r 2016-12-01 00:00:00 |w 2016-12-01 |y ARXIU | ||
| 999 | |c 55727 |d 55727 | ||